00738nam a2200229 i 4500001001000000003000900010005001700019007000300036008004100039040003000080082000700110100003600117245006100153264004200214300002700256336002700283337003400310338002800344942001400372952010500386999001700491000039492DO-SdBNP20240827142508.0ta130703s1932 cu 000 0 spa d aDO-SdBNPbspacBNPHUerda 42221 aFerrara, Orestes,965676eautor14aLas enseñanzas de una revolución /cOrestes Ferrera. aLa Habana :bImprenta Relieve,c1932. a78 páginas ;c24 cm. 2rdacontentatextobtxt 2rdamediaasin mediaciónbnc 2rdacarrieravolumenbnc 2ddccLBS1 001050718RVaPDbPDcCTd2013-07-03iLF1l0o p39492-10r2020-06-25w2020-06-25y1ZNo se presta c38982d38982